|
|
|
|
| LEADER |
00000nam0a2200000 4500 |
| 001 |
294425 |
| 005 |
20231102000709.0 |
| 035 |
|
|
|a (RuTPU)RU\TPU\book\319484
|
| 090 |
|
|
|a 294425
|
| 100 |
|
|
|a 20150513d1982 k y0rusy50 ca
|
| 101 |
0 |
|
|a rus
|
| 102 |
|
|
|a RU
|
| 105 |
|
|
|a a z 001zy
|
| 200 |
1 |
|
|a Гидродинамика коллекторных теплообменных аппаратов
|f П. И. Быстров, В. С. Михайлов
|
| 210 |
|
|
|a Москва
|c Энергоиздат
|d 1982
|
| 215 |
|
|
|a 224 с.
|c ил.
|
| 320 |
|
|
|a Библиогр.: с. 216-221.
|
| 606 |
1 |
|
|a Теплообменные аппараты
|x Гидродинамика
|2 stltpush
|3 (RuTPU)RU\TPU\subj\59773
|9 77272
|
| 610 |
1 |
|
|a коллекторные машины
|
| 610 |
1 |
|
|a ламинарные потоки
|
| 610 |
1 |
|
|a турбулентные потоки
|
| 610 |
1 |
|
|a коллекторные теплообменники
|
| 610 |
1 |
|
|a проточная часть
|
| 610 |
1 |
|
|a гидродинамика
|
| 675 |
|
|
|a 621.1.016.4
|v 3
|
| 700 |
|
1 |
|a Быстров
|b П. И.
|g Павел Иванович
|
| 701 |
|
1 |
|a Михайлов
|b В. С.
|g Владимир Сергеевич
|
| 801 |
|
1 |
|a RU
|b 63413507
|c 20150513
|
| 801 |
|
2 |
|a RU
|b 63413507
|c 20191219
|g RCR
|
| 942 |
|
|
|c BK
|